00422nam a22001457a 4500003000400000005001700004008004100021020001800062040002200080082001800102100002900120245007400149260003500223300001800258OSt20221031194331.0221006b |||||||| |||| 00| 0 eng d a0-9751726-3-8 cBiblioteca Lado V a700.74bL989t aLynn, Victoriaecuradora aTerrawarra Biennial 2006/bParallel lives: Australian painting today/ c2006bTarraWarra Museum of Art a56p.c21x21cm